Renoir

שמור ב:
מידע ביבליוגרפי
מחבר ראשי: Martini, Alberto (autor)
פורמט: ספר
שפה:ספרדית
יצא לאור: Buenos Aires Viscontea 1983
מהדורה:2a. ed
סדרה:Los Grandes Pintores, 17
נושאים:
תגים: הוספת תג
אין תגיות, היה/י הראשונ/ה לתייג את הרשומה!

MARC

LEADER 00000cam a2200000 a 4500
001 UCE0986
003 CL-VaPUC
008 140324e19830000ag |||||||||||||||||spa|d
082 0 4 |a 759.4  |b MAR  |2 21 
100 |a Martini, Alberto  |e autor  |9 573368 
245 1 0 |a Renoir 
250 |a 2a. ed 
300 |a 16 p 
942 |c BK 
945 |d 20140324 12:18:00  |a cmena 
260 |a Buenos Aires  |b Viscontea  |c 1983 
600 0 7 |a RENOIR, PIERRE AUGUSTE  |2 CL-VaPUC  |9 446790 
650 0 |a Pintores franceses   |9 340354 
650 7 |a IMPRESIONISMO  |2 CL-VaPUC  |9 324638 
583 |a last modification  |c 20140324 12:18:00  |k Rodrigo Vera 
490 0 |a Los Grandes Pintores, 17 
999 |c 354949  |d 354947 
952 |0 0  |1 0  |3 erb  |4 0  |6 759_400000000000000_MAR_1983  |7 0  |8 A  |9 461183  |a BIBART  |b BIBART  |i 5043816  |l 1  |o 759.4 MAR 1983  |p 5043816  |r 2025-03-13  |s 2023-05-08  |w 2019-11-23  |y BK  |z Catalogado en:20140324  |k ART